000 00514nam a22001937a 4500
003 OSt
005 20170314135013.0
008 170314b xxu||||| |||| 00| 0 eng d
020 _a0486406768
040 _cDDC.
082 _a530.11HOF 1999.
100 _aHoffmann,Banesh;
_911834
245 _aRelativity and its roots.
260 _aNew York;
_bDover,Publications,INC.
_c1999.
300 _a161p;
_bill:
_c19cm.
504 _aincludes index and catalog
650 _aRelativity.
_94402
942 _2ddc
_cO_SHELF
999 _c5682
_d5682